| 000 | 01798nam a2200241Ia 4500 | ||
|---|---|---|---|
| 008 | 260220t1993||||xx |||||||||||||| ||spa|| | ||
| 040 |
_aPY-SlUNAC _bspa _erda |
||
| 041 | _aspa | ||
| 082 |
_a614.4 _bR63e |
||
| 100 |
_aRojas, Bernardo _eAutor |
||
| 245 | 0 |
_aEpidemiología general e infectología / _cpor Bernardo Rojas [Autor] |
|
| 264 |
_aConcepción : _bEditorial EFACIM, _c℗1993. |
||
| 300 | _a1 volumen | ||
| 520 | _aEl libro "Epidemiología general e infectología" de Bernardo Rojas ofrece una visión integral sobre los principios y prácticas de la epidemiología, enfocándose en la infectología. A través de un análisis riguroso, Rojas aborda los métodos de estudio de las enfermedades infecciosas, la importancia de la vigilancia epidemiológica y las estrategias de prevención y control. El autor examina las diferentes variables que influyen en la propagación de los patógenos, así como los factores sociales, económicos y ambientales que afectan la salud pública. Además, se discuten las herramientas diagnósticas y terapéuticas disponibles, así como la relevancia de la educación sanitaria en la comunidad. A lo largo del texto, se enfatiza la necesidad de un enfoque multidisciplinario para abordar los desafíos de las enfermedades infecciosas, promoviendo la colaboración entre profesionales de la salud, investigadores y responsables de políticas. Este libro es una valiosa referencia tanto para estudiantes como para profesionales en el campo de la salud pública y epidemiología. | ||
| 653 | _aEnfermedades infecciosas | ||
| 653 | _aEpidemiología | ||
| 653 | _aSalud pública | ||
| 942 |
_b2026/02/17 _cBK |
||
| 999 |
_c8470 _d8470 |
||